| 000 | 00746cab a2200265 4500 | ||
|---|---|---|---|
| 001 | WB3136-46 | ||
| 008 | 090401t1995 xxu||||| |||| 00| 0 eng d | ||
| 035 | _a(Sirsi) u74839 | ||
| 041 | _aeng | ||
| 245 | _aGas exploration fears | ||
| 260 | _c1995 | ||
| 350 | _a0 | ||
| 490 |
_aWestern Mail _v21 September 1995, 7(1) |
||
| 520 | _aResidents of a Welsh housing estate are fighting proposals for onshore exploration of methane gas; thought to be rich in areas of Wales. | ||
| 650 | _aCIMLA | ||
| 650 | _aENRON OIL | ||
| 650 | _aGAS EXPLORATION | ||
| 650 | _aMETHANE GAS | ||
| 650 | _aONE-SHOT LICENCES | ||
| 650 | _aONSHORE EXPLORATION | ||
| 650 | _aWALES | ||
| 690 | _aMINING AND MINERALS | ||
| 942 | _n0 | ||
| 948 | _c04/03/1997 | ||
| 999 |
_c47151 _d47151 |
||